000 00530nam a2200181Ia 4500
003 IN-BaIIA
008 211028s9999 xx 000 0 eng d
020 _a81-7371-124-0
040 _cIIA Library
080 _a523.9:524
_bABH
100 _aAbhyankar, K. D.
_914443
245 0 _aAstrophysics of the Solar System
_cK. D. Abhyankar
260 _aHyderabad
_bUniversities Press
_c1999
300 _axiv, 255p.
650 _aastrophysics
_9794
650 _asolar system
942 _cBK
999 _c13298
_d13298